000 00701nam a22002537a 4500
003 UA-OsUOA
001 26855
007 ta
008 20040610b un ||||| |||| 00| 0 ukr d
100 _aМакаров В.Г.
090 _a675(075.8)
_bМ35
942 _cBK
040 _aUA-OsUOA
_brus
_cUA-OsUOA
_dUA-OsUOA
245 _aТеория бухгалтерского учёта
_bУчебное пособие для студентов вузов.
300 _a296 с.
955 _a0
041 _arus
080 _a675(075.8)
260 _aМосква
_bФинансы
_c1975
044 _aRU
250 _n2-е изд., перераб. и доп.
650 7 _2UDC
999 _c313189
_d313189